MARC details
| 000 -CABECERA |
| campo de control de longitud fija |
01119nam a2200289 u 4500 |
| 005 - FECHA Y HORA DE LA ÚLTIMA TRANSACCIÓN |
| campo de control |
20230705063602.0 |
| 008 - ELEMENTOS DE LONGITUD FIJA--INFORMACIÓN GENERAL |
| campo de control de longitud fija |
190925s2002 mx a r 000 0 spa d |
| 020 ## - NÚMERO INTERNACIONAL NORMALIZADO PARA LIBROS |
| Número Internacional Estándar del Libro |
9701877179 |
| 035 ## - NÚMERO DE CONTROL DEL SISTEMA |
| Número de control de sistema |
UPN01000233097 |
| 040 ## - FUENTE DE LA CATALOGACIÓN |
| Centro catalogador/agencia de origen |
MX-MxUPN |
| Lengua de catalogación |
spa |
| Centro/agencia transcriptor |
MX-MxUPN |
| 041 ## - CÓDIGO DE IDIOMA |
| Código de lengua del texto/banda sonora o título independiente |
spa |
| 050 #4 - SIGNATURA TOPOGRÁFICA DE LA BIBLIOTECA DEL CONGRESO |
| Número de clasificación |
LB1589 |
| Número de documento/Ítem |
M62 2002 LM |
| 245 00 - MENCIÓN DE TÍTULO |
| Título |
Libro para el maestro : |
| Resto del título |
matemáticas : segundo grado |
| 250 ## - MENCIÓN DE EDICIÓN |
| Mención de edición |
Tercera edición |
| 260 ## - PUBLICACIÓN, DISTRIBUCIÓN, ETC. |
| Lugar de publicación, distribución, etc. |
México : |
| Nombre del editor, distribuidor, etc. |
Secretaría de Educación Pública, Comisión Nacional de Libros de Texto Gratuitos, |
| Fecha de publicación, distribución, etc. |
2002 (reimpresión, 2005). |
| 300 ## - DESCRIPCIÓN FÍSICA |
| Extensión |
63 páginas : |
| Otras características físicas |
ilustraciones, fotografías en blanco y negro |
| 650 #4 - ASIENTO SECUNDARIO DE MATERIA - TERMINO TEMATICO |
| Término de materia o nombre geográfico como elemento de entrada |
Matemáticas |
| Subdivisión general |
Estudio y enseñanza (Elemental) |
| 9 (RLIN) |
2809 |
| 650 #7 - ASIENTO SECUNDARIO DE MATERIA - TERMINO TEMATICO |
| 9 (RLIN) |
14611 |
| Término de materia o nombre geográfico como elemento de entrada |
Educación primaria |
| Subdivisión de forma |
Libros de texto |
| 650 #2 - ASIENTO SECUNDARIO DE MATERIA - TERMINO TEMATICO |
| Término de materia o nombre geográfico como elemento de entrada |
Educación primaria |
| Subdivisión geográfica |
México |
| Subdivisión de forma |
Libros de texto |
| 9 (RLIN) |
13744 |
| 700 1# - ASIENTO SECUNDARIO--NOMBRE DE PERSONAL |
| Nombre de persona |
Bonilla Rius, Elisa, |
| Fechas asociadas al nombre |
1956- |
| Término indicativo de función/relación |
coordinación |
| 9 (RLIN) |
32629 |
| 700 1# - ASIENTO SECUNDARIO--NOMBRE DE PERSONAL |
| Nombre de persona |
Martínez Olivé, Alba |
| Término indicativo de función/relación |
coordinación |
| 9 (RLIN) |
29169 |
| 700 1# - ASIENTO SECUNDARIO--NOMBRE DE PERSONAL |
| Nombre de persona |
Ramírez Raymundo, Rodolfo |
| Término indicativo de función/relación |
coordinación |
| 9 (RLIN) |
29909 |
| 902 ## - ELEMENTOS DE DATOS B LOCAL, LDB (RLIN) |
| Modificó |
NoemiAcosta/040523 |
| 905 ## - TIPO DE MATERIAL |
| Tipo de material |
Libro |
| 942 ## - ELEMENTOS DE PUNTO DE ACCESO ADICIONAL (KOHA) |
| Fuente del sistema de clasificación o colocación |
Library of Congress Classification |
| Tipo de ítem Koha |
Libro |